[Event "London Classic op"]
[Site "London"]
[Date "2011.12.07"]
[Round "5"]
[White "Gant, Chris"]
[Black "Pleininger, Rudolf"]
[Result "1/2-1/2"]
[WhiteElo "2194"]
[BlackElo "1939"]
[PlyCount "96"]
[EventDate "2011.12.03"]
[EventType "swiss"]
[EventRounds "9"]
[EventCountry "ENG"]
[SourceTitle "CBM 145 Extra"]
[Source "ChessBase"]
[SourceDate "2012.01.03"]
[SourceVersion "1"]
[SourceVersionDate "2012.01.03"]
[SourceQuality "1"]

1. d4 Nf6 2. c4 e6 3. Nc3 Bb4 4. e3 b6 5. Nge2 0-0 6. a3 Bxc3+ 7. Nxc3 Bb7 8. Bd3 d6 9. e4 e5 10. d5 a5 11. Bg5 h6 12. Bh4 Na6 13. g4 g5 14. Bg3 Bc8 15. f3 Kg7 16. h4 Bb7 17. hxg5 hxg5 18. Qd2 Nd7 19. 0-0-0 Qf6 20. Rh5 Kg6 21. Bh4 Qf4 22. Rxg5+ Kh6 23. Rh5+ Kg7 24. Qxf4 exf4 25. Bg5 Rh8 26. Bxf4 Nac5 27. Bc2 a4 28. Rdh1 Rxh5 29. Rxh5 Ba6 30. Nb5 Bxb5 31. cxb5 Ra5 32. Bd2 Rxb5 33. Bc3+ f6 34. Rf5 Kg6 35. f4 Nb3+ 36. Kd1 Rc5 37. g5 fxg5 38. Rxg5+ Kf7 39. Rg7+ Ke8 40. Bd3 b5 41. Ke1 Nc1 42. Bb1 Nb3 43. Bc2 Nb6 44. Bd1 Kf8 45. Rh7 Rc4 46. Bf3 Nc5 47. Rh8+ Ke7 48. Rh7+ Kf8 1/2-1/2

[Event "London Classic op"]
[Site "London"]
[Date "2011.12.04"]
[Round "2"]
[White "Homolka, Vincent"]
[Black "Gant, Chris"]
[Result "0-1"]
[WhiteElo "1859"]
[BlackElo "2194"]
[PlyCount "94"]
[EventDate "2011.12.03"]
[EventType "swiss"]
[EventRounds "9"]
[EventCountry "ENG"]
[SourceTitle "CBM 145 Extra"]
[Source "ChessBase"]
[SourceDate "2012.01.03"]
[SourceVersion "1"]
[SourceVersionDate "2012.01.03"]
[SourceQuality "1"]

1. e4 c5 2. d3 Nc6 3. g3 g6 4. Bg2 Bg7 5. f4 d6 6. Nf3 e6 7. 0-0 Nge7 8. c3 0-0 9. Be3 b6 10. Na3 Bb7 11. Nc2 Qd7 12. Qd2 Rac8 13. d4 Na5 14. dxc5 Nc4 15. Qc1 Bxe4 16. cxd6 Qxd6 17. Ncd4 Nf5 18. Nxf5 exf5 19. Bd4 Bxd4+ 20. Nxd4 Bxg2 21. Kxg2 Rfe8 22. Rf3 Qd5 23. Kg1 Re4 24. Rf2 Rce8 25. Qd1 Ne3 26. Qf3 Qc5 27. Re1 Nc4 28. Rfe2 Nd6 29. Kg2 Rxe2+ 30. Rxe2 Rxe2+ 31. Nxe2 Ne4 32. Nd4 Qc4 33. a3 Qd5 34. Kg1 Kg7 35. Qe2 Nc5 36. Qg2 Qe4 37. Qe2 Na4 38. Kf2 Qxe2+ 39. Kxe2 Nxb2 40. Nc6 a5 41. Ne5 f6 42. Nd7 Nc4 43. a4 Kf7 44. Kd3 Nb2+ 45. Kc2 Nxa4 46. Kb3 Ke7 47. Nxf6 Nc5+ 0-1

[Event "London RAC Centenary sim"]
[Site "London"]
[Date "2011.04.16"]
[Round "3"]
[White "Gordon, Stephen J"]
[Black "Gant, Chris"]
[Result "1/2-1/2"]
[WhiteElo "2528"]
[BlackElo "2195"]
[PlyCount "75"]
[EventDate "2011.04.16"]
[EventType "simul"]
[EventRounds "1"]
[EventCountry "ENG"]
[SourceTitle "CBM 141 Extra"]
[Source "ChessBase"]
[SourceDate "2011.05.03"]
[SourceVersion "1"]
[SourceVersionDate "2011.05.03"]
[SourceQuality "1"]

1. d4 Nf6 2. c4 c5 3. d5 b5 4. Qc2 bxc4 5. e4 d6 6. Bxc4 g6 7. Nf3 Bg7 8. 0-0 0-0 9. Nc3 Ba6 10. Nd2 Bxc4 11. Nxc4 Nbd7 12. a4 Rb8 13. Nb5 Rb7 14. Bd2 Nb6 15. Na5 Rd7 16. Nc6 Qa8 17. a5 Nc8 18. b4 a6 19. Na3 e6 20. bxc5 exd5 21. cxd6 Nxe4 22. Be3 Ncxd6 23. Bd4 Rc8 24. Bxg7 Kxg7 25. Qb2+ f6 26. Nd4 Qb7 27. Qe2 Re8 28. Rab1 Qa7 29. Qd3 Qc5 30. Nac2 Qc4 31. Qh3 Rde7 32. Rb6 Nb5 33. Nf5+ gxf5 34. Ne3 Qc8 35. Nxf5+ Kh8 36. Nxe7 Qxh3 37. gxh3 Rxe7 38. Rxa6 1/2-1/2

[Event "Guernsey op"]
[Site "Grand Havre Bay"]
[Date "2010.10.18"]
[Round "2"]
[White "Gant, Chris"]
[Black "Pleasants, Allan J"]
[Result "0-1"]
[WhiteElo "2206"]
[BlackElo "2048"]
[PlyCount "44"]
[EventDate "2010.10.17"]
[EventType "swiss"]
[EventRounds "7"]
[EventCountry "GCI"]
[SourceTitle "EXT 2011"]
[Source "ChessBase"]
[SourceDate "2010.11.26"]
[SourceVersion "1"]
[SourceVersionDate "2010.11.26"]
[SourceQuality "1"]

1. d4 e6 2. Nf3 Nf6 3. g3 b6 4. Bg2 Bb7 5. 0-0 Be7 6. c4 0-0 7. Nc3 d5 8. Ne5 Nbd7 9. Qa4 Nb8 10. Bf4 a6 11. Rfd1 c6 12. cxd5 cxd5 13. Rac1 b5 14. Qb3 Nh5 15. Na4 Nxf4 16. gxf4 Bd6 17. Nc5 Ra7 18. e4 dxe4 19. Nxb7 Rxb7 20. Bxe4 Rc7 21. d5 Rxc1 22. Rxc1 Bxe5 0-1

[Event "Guernsey op 35th"]
[Site "Guernsey"]
[Date "2009.10.24"]
[Round "7"]
[White "Paardekam, Rene"]
[Black "Gant, Chris"]
[Result "1/2-1/2"]
[WhiteElo "2072"]
[BlackElo "2235"]
[PlyCount "45"]
[EventDate "2009.10.18"]
[EventType "swiss"]
[EventRounds "7"]
[EventCountry "GCI"]
[SourceTitle "EXT 2010"]
[Source "ChessBase"]
[SourceDate "2010.11.25"]
[SourceVersion "1"]
[SourceVersionDate "2010.11.25"]
[SourceQuality "1"]

1. d4 Nf6 2. c4 g6 3. Nc3 Bg7 4. e4 d6 5. Nf3 0-0 6. Be2 c6 7. 0-0 Qc7 8. h3 Nbd7 9. Be3 e5 10. Qd2 exd4 11. Nxd4 Re8 12. f3 b6 13. Rfd1 Bb7 14. Nc2 Bf8 15. b4 Rad8 16. Rac1 Nb8 17. a3 Qe7 18. Bg5 Na6 19. Ne3 h6 20. Bh4 g5 21. Nf5 Qe6 22. Bg3 d5 23. Nd4 1/2-1/2

[Event "Guernsey op 35th"]
[Site "Guernsey"]
[Date "2009.10.22"]
[Round "5"]
[White "Muller, Anton"]
[Black "Gant, Chris"]
[Result "0-1"]
[WhiteElo "1951"]
[BlackElo "2235"]
[PlyCount "72"]
[EventDate "2009.10.18"]
[EventType "swiss"]
[EventRounds "7"]
[EventCountry "GCI"]
[SourceTitle "EXT 2010"]
[Source "ChessBase"]
[SourceDate "2010.11.25"]
[SourceVersion "1"]
[SourceVersionDate "2010.11.25"]
[SourceQuality "1"]

1. e4 c5 2. c3 b6 3. d4 Bb7 4. Bd3 cxd4 5. cxd4 Nc6 6. d5 Nb4 7. Be2 e6 8. a3 Na6 9. dxe6 fxe6 10. Nc3 Nc5 11. Bh5+ g6 12. Bf3 Bg7 13. Nb5 d5 14. exd5 Nf6 15. d6 0-0 16. Bxb7 Nxb7 17. Nc7 Rc8 18. Ne2 Qd7 19. 0-0 Nxd6 20. Na6 Rfd8 21. Bg5 Qb5 22. Bxf6 Bxf6 23. Nb4 Nf5 24. Qe1 a5 25. Nf4 axb4 26. Qxe6+ Kg7 27. Rac1 Rxc1 28. Rxc1 Qd7 29. g3 Nd4 30. Qxb6 Be5 31. Rc5 Bxf4 32. gxf4 Qg4+ 33. Kf1 Qd1+ 34. Kg2 Qf3+ 35. Kg1 Ne2+ 36. Kf1 Rd1# 0-1